000 01076nac a22003137a 4500
001 BR7311228
003 BR-BrBNA
005 20240105113631.0
008 230509b bl.|||m| |||| 00| 0 por d
040 _aBR-BrBNA
_bpor
_cBiblioteca Nacional de Agricultura
072 _aH20
090 _a2320 BR7311228
100 1 _aMabuchi, W.
100 1 _aAlbuquerque, F.C. de
100 1 _aDuarte, M. de L.R.
110 1 _aInstituto de Pesquisa Agropecuaria do Norte, Belem, PA (Brasil)
245 1 _aEfeito do Hinokitiol sobre Fusarium solani f. piperi agente da podridao das raizes e secamento dos ramos da pimenta do reino (Piper nigrum L.)[Brasil]
260 3 _aBelem, PA (Brasil):
_c1973.
300 _a12 p.
490 _aComunicado Tecnico - Instituto de Pesquisa Agropecuaria do Norte (Brazil)
_vno. 41
_x
500 _a7 tables; Summaries (En, Pt)
650 _aPIMENTA DO REINO
650 _aFUSARIOSE
650 _aFUNGICIDA
650 _aPODRIDAO DA RAIZ
650 _aPARA
909 _a202312
_bLúcia Elande
_c55
_dLúcia Elande
942 _2AGRIS
_n0
_cMS
999 _c264747
_d264747